[Event "Biella op"]
[Site "Biella"]
[Date "2014.09.27"]
[Round "3"]
[White "Podetti, Davide"]
[Black "Prevedello, Daniele"]
[Result "1-0"]
[WhiteElo "1911"]
[BlackElo "2006"]
[PlyCount "83"]
[EventDate "2014.09.26"]
[EventType "swiss"]
[EventRounds "5"]
[EventCountry "ITA"]
[SourceTitle "EXT 2016"]
[Source "ChessBase"]
[SourceDate "2015.10.08"]
[SourceVersion "1"]
[SourceVersionDate "2015.10.08"]
[SourceQuality "1"]

1. e4 c6 2. d4 d5 3. Nc3 dxe4 4. Nxe4 Bf5 5. Ng3 Bg6 6. Bc4 e6 7. N1e2 Bd6 8. 0-0 Qc7 9. f4 Nf6 10. f5 Bxf5 11. Nxf5 Bxh2+ 12. Kh1 exf5 13. Rxf5 0-0 14. Qd3 Bd6 15. Bg5 Nbd7 16. Raf1 c5 17. Bxf6 Nxf6 18. Qh3 Rfe8 19. dxc5 Bxc5 20. Bd3 Re3 21. Qh4 Rae8 22. Qg5 R8e5 23. Ng3 h6 24. Qh4 Bd6 25. Rxf6 gxf6 26. Nf5 Rxf5 27. Bxf5 Bf8 28. Rd1 Qg3 29. Qxg3+ Rxg3 30. Rd7 Rg5 31. Bd3 Bc5 32. Kh2 b6 33. Rxa7 Rh5+ 34. Kg3 Bd6+ 35. Kf3 Re5 36. a3 Re7 37. Rxe7 Bxe7 38. Ke4 Bc5 39. Kd5 Kf8 40. Kc6 Ke7 41. a4 Ke6 42. a5 1-0

[Event "Milan SSM op 08"]
[Site "Milan"]
[Date "2014.08.03"]
[Round "6"]
[White "Di Chiara, Mauro"]
[Black "Prevedello, Daniele"]
[Result "1/2-1/2"]
[WhiteElo "2006"]
[BlackElo "1860"]
[PlyCount "80"]
[EventDate "2014.07.29"]
[EventType "swiss"]
[EventRounds "7"]
[EventCountry "ITA"]
[SourceTitle "EXT 2016"]
[Source "ChessBase"]
[SourceDate "2015.10.08"]
[SourceVersion "1"]
[SourceVersionDate "2015.10.08"]
[SourceQuality "1"]

1. Nf3 d5 2. c4 c6 3. cxd5 cxd5 4. d4 Nf6 5. Nc3 Nc6 6. Bf4 a6 7. e3 Bg4 8. Qb3 Na5 9. Qc2 Nc6 10. Ne5 Nxe5 11. dxe5 Nh5 12. Bg3 Nxg3 13. hxg3 g6 14. Qa4+ Bd7 15. Qd4 e6 16. 0-0-0 Qc7 17. Kb1 Bg7 18. f4 Rc8 19. Be2 Qc5 20. e4 Qxd4 21. Rxd4 f6 22. exd5 fxe5 23. fxe5 Bxe5 24. Rd3 Bxc3 25. bxc3 exd5 26. Re3+ Kf7 27. Rf1+ Bf5+ 28. Bd3 Kg7 29. Bxf5 gxf5 30. Rxf5 Rhe8 31. Rxe8 Rxe8 32. Rxd5 Re7 33. Kc2 Kf6 34. Kd3 Rg7 35. Rd6+ Ke5 36. Rb6 Rxg3+ 37. Kc4 Rg4+ 38. Kd3 Rg7 39. a4 Kd5 40. Rh6 Kc5 1/2-1/2

[Event "Milan SSM op 08"]
[Site "Milan"]
[Date "2014.07.29"]
[Round "1"]
[White "Vezzosi, Paolo"]
[Black "Prevedello, Daniele"]
[Result "1-0"]
[WhiteElo "2282"]
[BlackElo "1860"]
[PlyCount "64"]
[EventDate "2014.07.29"]
[EventType "swiss"]
[EventRounds "7"]
[EventCountry "ITA"]
[SourceTitle "EXT 2016"]
[Source "ChessBase"]
[SourceDate "2015.10.08"]
[SourceVersion "1"]
[SourceVersionDate "2015.10.08"]
[SourceQuality "1"]

1. d4 d5 2. Nf3 Nf6 3. c4 c6 4. Qc2 g6 5. Bf4 Bf5 6. Qb3 Qb6 7. c5 Qxb3 8. axb3 Bg7 9. Nc3 0-0 10. e3 Nbd7 11. h3 b6 12. b4 a5 13. b5 Rfc8 14. bxc6 Rxc6 15. Bb5 Rcc8 16. c6 Nb8 17. c7 Na6 18. Bc6 Ra7 19. Nb5 Raxc7 20. Nxc7 Nxc7 21. Bb7 Rb8 22. Rc1 Rxb7 23. Rxc7 Rxc7 24. Bxc7 Nd7 25. Kd2 a4 26. Rc1 b5 27. g4 Be4 28. Ne1 g5 29. f3 Bg6 30. Ba5 f6 31. Rc7 Be8 32. Rb7 Nf8 1-0

[Event "ITA-ch U16"]
[Site "Tarvisio"]
[Date "2014.06.30"]
[Round "3"]
[White "Prevedello, Daniele"]
[Black "Favaloro, Andrea"]
[Result "0-1"]
[WhiteElo "1826"]
[BlackElo "1983"]
[PlyCount "50"]
[EventDate "2014.06.29"]
[EventType "swiss"]
[EventRounds "9"]
[EventCountry "ITA"]
[SourceTitle "EXT 2015"]
[Source "ChessBase"]
[SourceDate "2014.11.20"]
[SourceVersion "1"]
[SourceVersionDate "2014.11.20"]
[SourceQuality "1"]

1. d4 Nf6 2. c4 g6 3. Nc3 Bg7 4. e4 d6 5. f3 0-0 6. Be3 e5 7. d5 Nh5 8. Nge2 f5 9. Nc1 Nd7 10. b4 Ndf6 11. Bd3 fxe4 12. Nxe4 Nxe4 13. Bxe4 Qh4+ 14. Bf2 Qg5 15. Rg1 Nf6 16. h4 Qh6 17. Nd3 Nxe4 18. fxe4 g5 19. g4 gxh4 20. g5 Qg6 21. Qe2 h3 22. Rg3 Rf4 23. Re3 Bg4 24. Qd2 Rxe4 25. Rc1 h2 0-1

[Event "Milan Giugno A"]
[Site "Milan"]
[Date "2014.06.02"]
[Round "5"]
[White "Ducci, Roberto"]
[Black "Prevedello, Daniele"]
[Result "0-1"]
[WhiteElo "1900"]
[BlackElo "1815"]
[PlyCount "76"]
[EventDate "2014.05.29"]
[EventType "swiss"]
[EventRounds "6"]
[EventCountry "ITA"]
[SourceTitle "EXT 2024"]
[Source "ChessBase"]
[SourceDate "2023.10.10"]
[SourceVersion "1"]
[SourceVersionDate "2023.10.10"]
[SourceQuality "1"]

1. d4 d5 2. c4 c6 3. Nf3 Nf6 4. e3 g6 5. Bd3 Bg7 6. 0-0 0-0 7. Nc3 Nbd7 8. cxd5 cxd5 9. Qb3 e6 10. Bd2 a6 11. a4 b6 12. Rfc1 Bb7 13. Na2 Ne4 14. Bb4 Re8 15. Rc2 Rc8 16. Rac1 Rxc2 17. Qxc2 Nb8 18. Qc7 Qxc7 19. Rxc7 Bc6 20. b3 Bf6 21. Bxa6 Bxa4 22. bxa4 Nxa6 23. Rb7 Nxb4 24. Nxb4 Ra8 25. Rxb6 Rxa4 26. g3 Ra1+ 27. Kg2 Ng5 28. Nxg5 Bxg5 29. Nc6 Ra2 30. Kf3 Bf6 31. g4 Ra3 32. Kg3 h6 33. h4 Ra1 34. Ne5 Rg1+ 35. Kh2 Bxe5+ 36. dxe5 Rxg4 37. Kh3 Re4 38. Kg3 Rxe5 0-1

[Event "Milan Carnevale op-B 5th"]
[Site "Milan"]
[Date "2014.03.09"]
[Round "6"]
[White "Bianchi, Paolo"]
[Black "Prevedello, Daniele"]
[Result "0-1"]
[WhiteElo "1691"]
[BlackElo "1803"]
[PlyCount "40"]
[EventDate "2014.03.05"]
[EventType "swiss"]
[EventRounds "6"]
[EventCountry "ITA"]
[SourceTitle "EXT 2015"]
[Source "ChessBase"]
[SourceDate "2014.11.20"]
[SourceVersion "1"]
[SourceVersionDate "2014.11.20"]
[SourceQuality "1"]

1. Nf3 d5 2. d4 Nf6 3. g3 g6 4. b3 Bg7 5. Bb2 0-0 6. Bg2 Nbd7 7. 0-0 b6 8. Nbd2 Bb7 9. c4 c5 10. cxd5 Nxd5 11. e4 Nb4 12. Qb1 cxd4 13. Bxd4 Bxd4 14. Nxd4 Ne5 15. N2f3 Nxf3+ 16. Nxf3 Rc8 17. Rd1 Qc7 18. Rd4 Qc3 19. Qd1 Ba6 20. Qd2 Qxa1+ 0-1

[Event "Milan Province-ch"]
[Site "Milan"]
[Date "2013.01.24"]
[Round "1"]
[White "Prevedello, Daniele"]
[Black "Miracola, Giorgia"]
[Result "0-1"]
[WhiteElo "1527"]
[BlackElo "1874"]
[PlyCount "76"]
[EventDate "2013.01.24"]
[EventType "swiss"]
[EventRounds "6"]
[EventCountry "ITA"]
[SourceTitle "EXT 2014"]
[Source "ChessBase"]
[SourceDate "2013.11.20"]
[SourceVersion "1"]
[SourceVersionDate "2013.11.20"]
[SourceQuality "1"]

1. c4 Nf6 2. Nc3 d5 3. cxd5 Nxd5 4. e4 Nxc3 5. bxc3 g6 6. Nf3 Bg7 7. d4 0-0 8. Bc4 c5 9. Ba3 cxd4 10. Nxd4 Qc7 11. Qb3 Nc6 12. Nxc6 bxc6 13. Rc1 Qe5 14. 0-0 Rb8 15. Qa4 Bh6 16. Rcd1 Kh8 17. Qxa7 Rb7 18. Qd4 Bg7 19. Qxe5 Bxe5 20. Bb4 c5 21. Ba5 Ra7 22. Bb6 Ra4 23. Bb3 Rxe4 24. Rfe1 Rxe1+ 25. Rxe1 Bxc3 26. Rxe7 Bb4 27. Rc7 Re8 28. h3 Be6 29. Bxe6 Rxe6 30. Bxc5 Bxc5 31. Rxc5 Ra6 32. Rc2 Kg7 33. Kf1 Kf6 34. Ke2 Ra3 35. Kd2 Ke5 36. Kc1 Kd4 37. Kb2 Ra7 38. Rc3 Rxa2+ 0-1

[Event "Milan Crespi op-C 33rd"]
[Site "Milan"]
[Date "2012.12.07"]
[Round "3"]
[White "Prevedello, Daniele"]
[Black "Resta, Andrea"]
[Result "1-0"]
[WhiteElo "1495"]
[BlackElo "1688"]
[PlyCount "135"]
[EventDate "2012.12.05"]
[EventType "swiss"]
[EventRounds "7"]
[EventCountry "ITA"]
[SourceTitle "EXT 2024"]
[Source "ChessBase"]
[SourceDate "2023.10.10"]
[SourceVersion "1"]
[SourceVersionDate "2023.10.10"]
[SourceQuality "1"]

1. c4 Nf6 2. Nc3 e6 3. g3 d5 4. cxd5 exd5 5. d4 c6 6. Bg2 Be7 7. Nf3 0-0 8. 0-0 Nbd7 9. Bd2 b6 10. a3 c5 11. dxc5 bxc5 12. Rc1 Rb8 13. Qc2 Nb6 14. Bf4 Rb7 15. Ne5 Be6 16. Nc6 Qd7 17. Na5 Nh5 18. Nxb7 Nxf4 19. Nxc5 Bxc5 20. gxf4 Rc8 21. Qd3 d4 22. Ne4 Be7 23. Rxc8+ Nxc8 24. Rd1 f5 25. Ng5 Bf6 26. e3 Nb6 27. Nxe6 Qxe6 28. exd4 Qd6 29. Qb3+ Kh8 30. Qf7 h6 31. d5 Bxb2 32. Qe6 Bxa3 33. Qxd6 Bxd6 34. Re1 Bxf4 35. Re6 Nc4 36. Bf1 Nd6 37. Re7 a5 38. Ra7 Bd2 39. Bd3 Bb4 40. Kg2 Kh7 41. Kg3 Kg6 42. f4 Kf6 43. h4 Be1+ 44. Kh3 Bd2 45. Ra6 Bxf4 46. Rxa5 g5 47. hxg5+ hxg5 48. Bf1 g4+ 49. Kh4 Kg6 50. Ra8 Bg5+ 51. Kg3 Ne4+ 52. Kg2 Be7 53. Bd3 Nc5 54. Bc2 Kg5 55. Rg8+ Kf6 56. Bb1 Ke5 57. Ba2 Ne4 58. Re8 Kd6 59. Rc8 f4 60. Rc6+ Ke5 61. Re6+ Kf5 62. Rxe7 f3+ 63. Kf1 Nd2+ 64. Kf2 Kf4 65. d6 g3+ 66. Ke1 f2+ 67. Kxd2 f1Q 68. Rf7+ 1-0

[Event "Milan Crespi op-C 33rd"]
[Site "Milan"]
[Date "2012.12.06"]
[Round "2"]
[White "Pollio, Ciro"]
[Black "Prevedello, Daniele"]
[Result "1/2-1/2"]
[WhiteElo "1714"]
[BlackElo "1495"]
[PlyCount "38"]
[EventDate "2012.12.05"]
[EventType "swiss"]
[EventRounds "7"]
[EventCountry "ITA"]
[SourceTitle "EXT 2024"]
[Source "ChessBase"]
[SourceDate "2023.10.10"]
[SourceVersion "1"]
[SourceVersionDate "2023.10.10"]
[SourceQuality "1"]

1. d4 d5 2. c4 c6 3. Nc3 Nf6 4. Nf3 e6 5. Qc2 Bd6 6. g4 Nxg4 7. Rg1 Nxh2 8. Nxh2 Bxh2 9. Rxg7 Qf6 10. Rxh7 Qxd4 11. Rxh8+ Qxh8 12. cxd5 exd5 13. Nxd5 Be6 14. Nf4 Bxf4 15. Bxf4 Nd7 16. 0-0-0 Bxa2 17. Bg2 Qf6 18. Be3 Qe6 19. Rd4 0-0-0 1/2-1/2